000 00319nam a22001337a 4500
008 181102b xxu||||| |||| 00| 0 eng d
020 _a9780138191450
041 _aeng
080 _a101
100 _a23
101 _aFIL
245 _aMoral Issues Phillosophical Relions Perspective
_cPalmer.G
942 _2udc
_cBK
999 _c51629
_d51629